Els Costums de Lleida / [a cura de Guillem Botet]
ISBN:
84-89781-10-9
Descripción Física:
157 p., facsímils ; 24 cm
Otros Autores:
Botet, Guillem
MARC
| LEADER | 00000nam a2200000Ia 4500 | ||
|---|---|---|---|
| 001 | 11685 | ||
| 008 | 160829s9999 xx 000 0 cat d | ||
| 020 | |a 84-89781-10-9 | ||
| 080 | |a D-1-28 | ||
| 245 | |a Els Costums de Lleida / [a cura de Guillem Botet] | ||
| 260 | |a Lleida : |b Auntament de Lleida, DL 1997 | ||
| 300 | |a 157 p., facsímils ; |c 24 cm | ||
| 490 | |a Col·lecció Guillem Botet. Documents de l'Arxiu Municipal de Lleida ; 1 | ||
| 650 | |a Dret |x Lleida |x Història |x S. XIII/XIV |x Fonts |9 19870 | ||
| 650 | |a Dret consuetudinari |x Lleida |9 19871 | ||
| 700 | |a Botet, Guillem |9 19873 | ||
| 710 | 1 | |a Lleida (Catalunya). |b Ajuntament |9 54073 | |
| 901 | |a Arxiu | ||
| 942 | |n 1 | ||
| 952 | |0 0 |1 0 |4 0 |6 D128 |7 1 |9 41354 |a Arxiu |b Arxiu |d 2016-12-01 |l 0 |o D-1-28 |p 11685 |r 2016-12-01 00:00:00 |w 2016-12-01 |y ARXIU | ||
| 999 | |c 43161 |d 43161 | ||